[Event "PervenstvoRT2015"]
[Site "?"]
[Date "2015.08.26"]
[Round "7.5"]
[White "Darya, Kuznetsova"]
[Black "Albert, Suleimanov"]
[Result "0-1"]
[LiveChessVersion "1.4.6"]
[BlackElo "1930"]
[WhiteElo "1918"]

1. e4 {[%clk 1:30:58]} c5 {[%clk 1:30:58]} 2. Nf3 {[%clk 1:31:21]} d6
{[%clk 1:31:24]} 3. c3 {[%clk 1:31:44]} Nf6 {[%clk 1:31:34]} 4. h3
{[%clk 1:32:05]} g6 {[%clk 1:31:31]} 5. Bd3 {[%clk 1:32:27]} Bg7 {[%clk 1:31:29]}
6. O-O {[%clk 1:32:35]} O-O {[%clk 1:31:15]} 7. Bc2 {[%clk 1:32:57]} Nc6
{[%clk 1:29:33]} 8. d4 {[%clk 1:31:40]} cxd4 {[%clk 1:28:41]} 9. cxd4
{[%clk 1:31:37]} b5 {[%clk 1:21:07]} 10. a3 {[%clk 1:25:30]} Bb7 {[%clk 1:19:30]}
11. Nc3 {[%clk 1:25:15]} b4 {[%clk 1:15:06]} 12. axb4 {[%clk 1:20:20]} Nxb4
{[%clk 1:15:28]} 13. Bb1 {[%clk 1:20:34]} a5 {[%clk 1:13:10]} 14. Re1
{[%clk 1:16:30]} Nd7 {[%clk 1:06:58]} 15. Bd2 {[%clk 1:02:21]} Ba6
{[%clk 0:56:37]} 16. Ne2 {[%clk 0:59:57]} Qb6 {[%clk 0:44:18]} 17. Bc3
{[%clk 0:57:49]} Rfc8 {[%clk 0:41:23]} 18. Qd2 {[%clk 0:53:26]} Bc4
{[%clk 0:35:29]} 19. Ng3 {[%clk 0:49:57]} Qb5 {[%clk 0:31:16]} 20. d5
{[%clk 0:45:07]} Ne5 {[%clk 0:25:58]} 21. Nd4 {[%clk 0:43:04]} Qb6
{[%clk 0:25:48]} 22. Nf3 {[%clk 0:26:28]} Rab8 {[%clk 0:20:39]} 23. Nh2
{[%clk 0:19:47]} Bb3 {[%clk 0:19:37]} 24. Ng4 {[%clk 0:17:28]} h5
{[%clk 0:16:44]} 25. Ne3 {[%clk 0:16:47]} Nc4 {[%clk 0:15:28]} 26. Nxc4
{[%clk 0:17:10]} Rxc4 {[%clk 0:15:22]} 27. Bxg7 {[%clk 0:07:12]} Kxg7
{[%clk 0:15:49]} 28. Qg5 {[%clk 0:07:30]} Nc2 {[%clk 0:15:55]} 29. Nf5+
{[%clk 0:05:35]} Kf8 {[%clk 0:13:44]} 30. Qxe7+ {[%clk 0:05:40]} Kg8
{[%clk 0:14:11]} 31. Bxc2 {[%clk 0:03:05]} Rxc2 {[%clk 0:14:33]} 32. Ne3
{[%clk 0:03:23]} Rxb2 {[%clk 0:14:42]} 33. Rec1 {[%clk 0:02:25]} a4
{[%clk 0:06:54]} 34. Rc6 {[%clk 0:02:09]} Qd4 {[%clk 0:06:17]} 35. Rac1
{[%clk 0:01:57]} Kg7 {[%clk 0:05:03]} 36. Qxd6 {[%clk 0:01:30]} Re8
{[%clk 0:04:26]} 37. Rc7 {[%clk 0:01:08]} Qxe4 {[%clk 0:04:10]} 38. Qc5
{[%clk 0:00:47]} Qf4 {[%clk 0:03:43]} 39. Qc3+ {[%clk 0:01:04]} Qf6
{[%clk 0:04:07]} 40. Qxf6+ {[%clk 0:00:54]} Kxf6 {[%clk 0:04:35]} 41. Nc4
{[%clk 0:00:48]} Bxc4 {[%clk 0:04:38]} 42. R7xc4 {[%clk 0:00:47]} a3
{[%clk 0:03:50]} 43. Ra1 {[%clk 0:00:41]} a2 {[%clk 0:03:49]} 44. Rcc1
{[%clk 0:00:43]} Reb8 {[%clk 0:03:42]} 45. Kh2 {[%clk 0:00:44]} Kg7
{[%clk 0:03:23]} 46. Rc5 {[%clk 0:00:39]} Rxf2 {[%clk 0:03:46]} 47. Ra5
{[%clk 0:00:45]} Rbb2 {[%clk 0:03:56]} 48. Rg1 {[%clk 0:01:11]} h4
{[%clk 0:03:38]} 49. Ra4 {[%clk 0:00:52]} Rfd2 {[%clk 0:03:32]} 50. Ra5
{[%clk 0:01:10]} f5 {[%clk 0:02:35]} 51. Kh1 {[%clk 0:00:37]} f4 {[%clk 0:02:39]}
52. Ra7+ {[%clk 0:00:32]} Kh6 {[%clk 0:02:42]} 53. Rf1 {[%clk 0:00:40]} Rb1
{[%clk 0:02:31]} 54. Kg1 {[%clk 0:00:57]} Rdd1 {[%clk 0:02:39]} 0-1

[Event "PervenstvoRT2015"]
[Site "?"]
[Date "2015.08.26"]
[Round "7.6"]
[White "Anastasia, Kozina"]
[Black "Roman, Pirmamedov"]
[Result "1/2-1/2"]
[LiveChessVersion "1.4.6"]
[BlackElo "1848"]
[WhiteElo "2105"]

1. e4 {[%clk 1:30:59]} c5 {[%clk 1:27:01]} 2. Nf3 {[%clk 1:31:22]} e6
{[%clk 1:26:39]} 3. d4 {[%clk 1:31:46]} cxd4 {[%clk 1:27:06]} 4. Nxd4
{[%clk 1:32:09]} Nf6 {[%clk 1:27:33]} 5. Nc3 {[%clk 1:32:22]} Bb4
{[%clk 1:27:59]} 6. e5 {[%clk 1:32:38]} Nd5 {[%clk 1:28:24]} 7. Bd2
{[%clk 1:32:52]} Bxc3 {[%clk 1:28:42]} 8. bxc3 {[%clk 1:33:12]} Qc7
{[%clk 1:29:03]} 9. f4 {[%clk 1:31:55]} O-O {[%clk 1:22:15]} 10. Qf3
{[%clk 1:30:02]} f6 {[%clk 1:21:27]} 11. c4 {[%clk 1:27:02]} Qb6 {[%clk 1:14:20]}
12. Nb5 {[%clk 1:22:30]} a6 {[%clk 0:49:14]} 13. Nd6 {[%clk 1:09:57]} Ne7
{[%clk 0:39:17]} 14. Qe3 {[%clk 1:07:45]} Qxe3+ {[%clk 0:38:33]} 15. Bxe3
{[%clk 1:07:55]} fxe5 {[%clk 0:38:31]} 16. fxe5 {[%clk 1:08:17]} Nbc6
{[%clk 0:38:45]} 17. Be2 {[%clk 1:04:02]} Nxe5 {[%clk 0:37:22]} 18. Rb1
{[%clk 1:03:18]} b5 {[%clk 0:22:14]} 19. cxb5 {[%clk 0:57:55]} axb5
{[%clk 0:22:19]} 20. Rxb5 {[%clk 0:58:13]} Nd5 {[%clk 0:20:54]} 21. Bc5
{[%clk 0:52:51]} Ba6 {[%clk 0:15:15]} 1/2-1/2

[Event "PervenstvoRT2015"]
[Site "?"]
[Date "2015.08.26"]
[Round "7.7"]
[White "Ilya, Krasov"]
[Black "Imanuil, Peisakhov"]
[Result "1-0"]
[LiveChessVersion "1.4.6"]
[BlackElo "1897"]
[WhiteElo "1798"]

1. d4 {[%clk 1:30:57]} Nf6 {[%clk 1:31:00]} 2. c4 {[%clk 1:31:21]} e6
{[%clk 1:31:27]} 3. g3 {[%clk 1:31:48]} d5 {[%clk 1:31:54]} 4. Nf3
{[%clk 1:32:13]} Be7 {[%clk 1:30:43]} 5. Bg2 {[%clk 1:32:36]} O-O
{[%clk 1:31:06]} 6. O-O {[%clk 1:31:32]} c6 {[%clk 1:30:15]} 7. Nbd2
{[%clk 1:29:30]} b6 {[%clk 1:29:55]} 8. Qc2 {[%clk 1:29:31]} Bb7 {[%clk 1:30:06]}
9. e4 {[%clk 1:25:59]} dxe4 {[%clk 1:28:08]} 10. Nxe4 {[%clk 1:26:21]} Nbd7
{[%clk 1:23:13]} 11. Ne5 {[%clk 1:22:37]} Rc8 {[%clk 1:09:09]} 12. Rd1
{[%clk 1:16:43]} Nxe4 {[%clk 1:04:45]} 13. Bxe4 {[%clk 1:16:59]} Nf6
{[%clk 1:04:39]} 14. Bg2 {[%clk 1:16:47]} Qc7 {[%clk 1:04:23]} 15. Bf4
{[%clk 1:13:29]} Bd6 {[%clk 1:02:52]} 16. Qe2 {[%clk 1:12:10]} Rcd8 17. c5
{[%clk 1:02:18]} Bxe5 {[%clk 0:49:25]} 18. Bxe5 {[%clk 1:01:51]} Qd7
{[%clk 0:49:10]} 19. Re1 {[%clk 0:49:53]} bxc5 {[%clk 0:43:00]} 20. dxc5
{[%clk 0:50:05]} Qd3 {[%clk 0:42:22]} 21. Qxd3 {[%clk 0:36:26]} Rxd3 22. Bxf6
{[%clk 0:36:48]} gxf6 {[%clk 0:43:12]} 23. Rad1 {[%clk 0:37:03]} Rfd8
{[%clk 0:43:31]} 24. Bf3 {[%clk 0:37:27]} h6 {[%clk 0:41:36]} 25. Kg2
{[%clk 0:36:32]} Kf8 {[%clk 0:40:54]} 26. Rxd3 {[%clk 0:35:35]} Rxd3
{[%clk 0:41:00]} 27. Rd1 {[%clk 0:36:01]} Rxd1 {[%clk 0:39:28]} 28. Bxd1
{[%clk 0:36:27]} Ke7 {[%clk 0:38:42]} 29. Kf3 {[%clk 0:36:18]} f5
{[%clk 0:38:22]} 30. Ke3 {[%clk 0:35:27]} Ba6 {[%clk 0:32:08]} 31. Kd4
{[%clk 0:33:18]} f6 {[%clk 0:29:54]} 32. Bf3 {[%clk 0:25:35]} e5+
{[%clk 0:26:52]} 33. Kc3 {[%clk 0:25:19]} Kd7 {[%clk 0:27:01]} 34. b4
{[%clk 0:24:55]} Bb5 {[%clk 0:25:52]} 35. Bd1 {[%clk 0:25:17]} Bf1
{[%clk 0:19:35]} 36. Bc2 {[%clk 0:24:51]} Ke6 {[%clk 0:16:04]} 37. Bb3+
{[%clk 0:24:52]} Kd7 {[%clk 0:16:33]} 38. Bc4 {[%clk 0:24:21]} Bg2
{[%clk 0:16:23]} 39. a4 {[%clk 0:24:21]} Kc7 {[%clk 0:13:02]} 40. b5
{[%clk 0:23:24]} Bf3 {[%clk 0:12:49]} 41. Kb4 {[%clk 0:23:36]} Kb7
{[%clk 0:12:29]} 42. Be6 {[%clk 0:23:48]} Be4 {[%clk 0:11:54]} 43. Bd7
{[%clk 0:24:11]} Kc7 {[%clk 0:07:16]} 44. Bxc6 {[%clk 0:23:22]} Bxc6
{[%clk 0:07:43]} 45. bxc6 {[%clk 0:23:48]} Kxc6 {[%clk 0:08:12]} 46. Kc4
{[%clk 0:24:09]} Kc7 {[%clk 0:03:34]} 47. Kd5 {[%clk 0:24:27]} Kd7
{[%clk 0:04:00]} 48. c6+ {[%clk 0:24:15]} Kc7 {[%clk 0:04:28]} 49. Kc5
{[%clk 0:24:38]} Kc8 {[%clk 0:04:31]} 50. Kd6 {[%clk 0:24:39]} Kd8
{[%clk 0:04:56]} 51. c7+ {[%clk 0:24:39]} Kc8 {[%clk 0:05:22]} 52. Kc6
{[%clk 0:25:05]} h5 {[%clk 0:03:55]} 53. h4 {[%clk 0:25:23]} e4 54. Kd6
{[%clk 0:24:08]} f4 {[%clk 0:02:30]} 55. gxf4 {[%clk 0:24:33]} f5
{[%clk 0:02:16]} 56. Kc6 {[%clk 0:24:07]} a6 {[%clk 0:02:26]} 57. Kb6
{[%clk 0:24:32]} a5 {[%clk 0:02:47]} 58. Kxa5 {[%clk 0:24:51]} Kxc7
{[%clk 0:02:51]} 59. Kb5 {[%clk 0:25:15]} Kd6 {[%clk 0:02:52]} 60. Kb6
{[%clk 0:25:11]} Kd5 {[%clk 0:02:14]} 61. a5 {[%clk 0:25:36]} Kd4
{[%clk 0:02:03]} 62. a6 {[%clk 0:25:59]} Kd3 63. a7 Ke2 {[%clk 0:02:14]} 64. a8=Q
{[%clk 0:26:16]} Kxf2 {[%clk 0:02:42]} 65. Qf8 {[%clk 0:26:14]} 1-0

[Event "PervenstvoRT2015"]
[Site "?"]
[Date "2015.08.26"]
[Round "7.8"]
[White "Ainur, Garafutdinov"]
[Black "Georgy, Nikitin"]
[Result "1-0"]
[LiveChessVersion "1.4.6"]
[BlackElo "1724"]
[WhiteElo "1946"]

1. e4 {[%clk 1:30:58]} c6 {[%clk 1:30:57]} 2. d4 {[%clk 1:31:27]} d5
{[%clk 1:31:21]} 3. Nc3 {[%clk 1:31:55]} dxe4 {[%clk 1:31:46]} 4. Nxe4
{[%clk 1:32:22]} Bf5 {[%clk 1:32:13]} 5. Ng3 {[%clk 1:32:49]} Bg6
{[%clk 1:32:40]} 6. h4 {[%clk 1:33:17]} h6 {[%clk 1:33:05]} 7. Nf3
{[%clk 1:33:44]} Nd7 {[%clk 1:33:32]} 8. h5 {[%clk 1:34:11]} Bh7 {[%clk 1:33:59]}
9. Bd3 {[%clk 1:34:39]} Bxd3 {[%clk 1:34:24]} 10. Qxd3 {[%clk 1:35:08]} Ngf6
{[%clk 1:34:44]} 11. Bd2 {[%clk 1:35:33]} Qc7 {[%clk 1:35:10]} 12. Ne4
{[%clk 1:35:31]} O-O-O {[%clk 1:34:48]} 13. Nxf6 {[%clk 1:35:34]} Nxf6
{[%clk 1:34:54]} 14. O-O-O {[%clk 1:34:26]} c5 {[%clk 1:34:42]} 15. Qa3
{[%clk 1:34:45]} cxd4 {[%clk 1:29:24]} 16. Qxa7 {[%clk 1:34:21]} d3
{[%clk 1:24:23]} 17. Qa8+ {[%clk 1:30:14]} Kd7 {[%clk 1:22:45]} 18. Qa4+
{[%clk 1:30:40]} Kc8 {[%clk 1:22:22]} 19. Bc3 {[%clk 1:28:34]} e6
{[%clk 1:18:05]} 20. Rh4 {[%clk 1:11:46]} Kb8 {[%clk 1:08:13]} 21. Rc4
{[%clk 1:00:03]} Qb6 {[%clk 1:05:08]} 22. Ba5 {[%clk 0:59:15]} 1-0

[Event "PervenstvoRT2015"]
[Site "?"]
[Date "2015.08.26"]
[Round "7.9"]
[White "Bogdan, Bogatov"]
[Black "Emin, Aliev"]
[Result "0-1"]
[LiveChessVersion "1.4.6"]
[BlackElo "1669"]
[WhiteElo "1660"]

1. e4 {[%clk 1:30:58]} c5 {[%clk 1:25:53]} 2. Nf3 {[%clk 1:31:26]} e6
{[%clk 1:26:16]} 3. d4 {[%clk 1:31:36]} cxd4 {[%clk 1:26:41]} 4. Nxd4
{[%clk 1:32:00]} Nc6 {[%clk 1:27:08]} 5. Nxc6 {[%clk 1:29:57]} bxc6
{[%clk 1:27:33]} 6. Bd3 {[%clk 1:27:23]} Nf6 {[%clk 1:27:38]} 7. O-O
{[%clk 1:27:11]} Bc5 {[%clk 1:28:04]} 8. e5 {[%clk 1:26:29]} Nd5 {[%clk 1:28:21]}
9. c4 {[%clk 1:24:35]} Ne7 {[%clk 1:27:26]} 10. Nc3 {[%clk 1:24:17]} Ng6
{[%clk 1:27:32]} 11. Ne4 {[%clk 1:20:29]} Be7 {[%clk 1:27:28]} 12. f4
{[%clk 1:19:10]} d5 {[%clk 1:25:02]} 13. exd6 {[%clk 1:18:42]} Bxd6
{[%clk 1:25:26]} 14. Kh1 {[%clk 1:15:01]} Be7 {[%clk 1:25:14]} 15. b3
{[%clk 1:14:37]} O-O {[%clk 1:23:17]} 16. Bb2 {[%clk 1:14:31]} c5
{[%clk 1:23:44]} 17. Bc2 {[%clk 1:07:45]} Qc7 {[%clk 1:23:59]} 18. Qh5
{[%clk 1:07:07]} f5 {[%clk 1:16:49]} 19. Ng5 {[%clk 1:06:25]} Bxg5
{[%clk 1:17:11]} 20. Qxg5 {[%clk 1:06:46]} Bb7 {[%clk 1:15:27]} 21. h4
{[%clk 1:05:43]} Rf7 {[%clk 1:12:55]} 22. h5 {[%clk 1:05:15]} Nf8
{[%clk 1:13:19]} 23. Rad1 {[%clk 1:04:16]} h6 {[%clk 1:12:32]} 24. Qg3
{[%clk 1:03:51]} Nd7 {[%clk 1:12:39]} 25. Rfe1 {[%clk 1:03:58]} Qc6
{[%clk 1:12:32]} 26. Re2 {[%clk 1:03:11]} Nf6 {[%clk 1:11:52]} 27. Qh4
{[%clk 0:58:08]} Ng4 {[%clk 1:07:35]} 28. Rdd2 {[%clk 0:50:06]} Raf8
{[%clk 1:03:34]} 29. Qg3 {[%clk 0:46:40]} Nf6 {[%clk 1:02:34]} 30. Qh3
{[%clk 0:41:12]} Ng4 {[%clk 0:53:11]} 31. Kg1 {[%clk 0:35:23]} Rc7
{[%clk 0:49:32]} 32. Bc3 {[%clk 0:34:31]} Rff7 {[%clk 0:49:30]} 33. Re1
{[%clk 0:33:38]} Rcd7 {[%clk 0:49:24]} 34. Rxd7 {[%clk 0:33:07]} Rxd7
{[%clk 0:49:48]} 35. Bd1 {[%clk 0:32:42]} Rd3 {[%clk 0:48:18]} 36. Bf3
{[%clk 0:27:17]} Qd6 {[%clk 0:46:51]} 37. Ba1 {[%clk 0:23:48]} Bxf3 38. gxf3 Qxf4
{[%clk 0:45:34]} 39. Kg2 {[%clk 0:16:24]} Qd2+ {[%clk 0:46:02]} 40. Kg1 Qf4 41.
Rf1 Qe3+ 42. Kg2 Rd2+ 43. Kh1 Nf2+ 0-1

[Event "PervenstvoRT2015"]
[Site "?"]
[Date "2015.08.26"]
[Round "7.10"]
[White "Kirill, Akifiev"]
[Black "Adelya, Tukaeva"]
[Result "1-0"]
[LiveChessVersion "1.4.6"]
[BlackElo "2016"]
[WhiteElo "1823"]

1. c4 {[%clk 1:30:52]} e5 {[%clk 1:30:52]} 2. Nc3 {[%clk 1:31:10]} Nc6
{[%clk 1:31:11]} 3. g3 {[%clk 1:31:28]} Bc5 {[%clk 1:30:54]} 4. Bg2
{[%clk 1:30:58]} a6 {[%clk 1:30:36]} 5. Nf3 {[%clk 1:31:05]} d6 {[%clk 1:28:31]}
6. O-O {[%clk 1:29:30]} Nf6 {[%clk 1:24:21]} 7. a3 {[%clk 1:29:42]} Ba7
{[%clk 1:18:01]} 8. b4 {[%clk 1:28:08]} O-O {[%clk 1:09:32]} 9. d3
{[%clk 1:27:23]} h6 {[%clk 1:09:19]} 10. b5 {[%clk 1:14:45]} axb5
{[%clk 1:08:12]} 11. cxb5 {[%clk 1:14:42]} Ne7 {[%clk 1:06:54]} 12. a4
{[%clk 1:13:59]} Bb6 {[%clk 1:00:12]} 13. Nd2 {[%clk 1:09:04]} d5
{[%clk 0:48:42]} 14. Nb3 {[%clk 1:09:21]} Be6 {[%clk 0:29:39]} 15. a5
{[%clk 1:05:17]} d4 {[%clk 0:23:21]} 16. Ne4 {[%clk 0:57:28]} Nxe4
{[%clk 0:18:11]} 17. Bxe4 {[%clk 0:57:51]} Bxb3 {[%clk 0:14:55]} 18. Qxb3
{[%clk 0:58:15]} Rxa5 {[%clk 0:13:12]} 19. Rxa5 {[%clk 0:58:31]} Bxa5
{[%clk 0:13:37]} 20. Bxb7 {[%clk 0:58:25]} Qb8 {[%clk 0:07:19]} 21. Bf3
{[%clk 0:58:38]} c5 {[%clk 0:02:37]} 22. Ba3 {[%clk 0:58:30]} Qb6
{[%clk 0:01:24]} 23. Qc4 {[%clk 0:58:27]} Rc8 {[%clk 0:01:24]} 24. Bg4
{[%clk 0:54:11]} Rc7 {[%clk 0:01:19]} 25. f4 {[%clk 0:43:27]} exf4
{[%clk 0:00:53]} 26. Rxf4 {[%clk 0:43:51]} Ng6 {[%clk 0:00:37]} 27. Rf5
{[%clk 0:41:45]} Bb4 {[%clk 0:00:48]} 28. Bxb4 {[%clk 0:41:10]} cxb4
{[%clk 0:01:13]} 29. Qxb4 {[%clk 0:41:24]} Ne7 {[%clk 0:00:55]} 30. Re5
{[%clk 0:35:46]} Nc6 {[%clk 0:00:33]} 31. Re8+ {[%clk 0:36:09]} Kh7
{[%clk 0:00:59]} 32. Bf5+ {[%clk 0:35:01]} g6 {[%clk 0:01:08]} 33. Qf8
{[%clk 0:35:26]} 1-0

[Event "PervenstvoRT2015"]
[Site "?"]
[Date "2015.08.27"]
[Round "8.1"]
[White "Sayar, Gismatullin"]
[Black "Roman, Novikov"]
[Result "0-1"]
[LiveChessVersion "1.4.6"]
[BlackElo "1971"]
[WhiteElo "1878"]

1. e4 {[%clk 1:30:58]} c6 {[%clk 1:30:57]} 2. d4 {[%clk 1:31:22]} d5
{[%clk 1:31:24]} 3. e5 {[%clk 1:31:44]} Bf5 {[%clk 1:31:49]} 4. Nd2
{[%clk 1:32:08]} e6 {[%clk 1:32:03]} 5. Nb3 {[%clk 1:32:31]} Nd7 {[%clk 1:32:14]}
6. Be3 {[%clk 1:32:34]} c5 {[%clk 1:31:24]} 7. Nxc5 {[%clk 1:32:03]} Bxc5
{[%clk 1:31:33]} 8. dxc5 {[%clk 1:32:32]} Nxe5 {[%clk 1:28:23]} 9. Bd4
{[%clk 1:29:40]} f6 {[%clk 1:28:43]} 10. Bxe5 {[%clk 1:29:31]} fxe5
{[%clk 1:29:07]} 11. Bb5+ {[%clk 1:29:57]} Kf7 {[%clk 1:29:04]} 12. b4
{[%clk 1:15:23]} a6 {[%clk 1:28:44]} 13. Ba4 {[%clk 1:10:48]} Qf6
{[%clk 1:27:40]} 14. Ne2 {[%clk 1:05:05]} Ne7 {[%clk 1:28:01]} 15. O-O
{[%clk 1:05:06]} Rhf8 {[%clk 1:28:04]} 16. f4 {[%clk 1:04:25]} Kg8
{[%clk 1:27:40]} 17. fxe5 {[%clk 1:00:17]} Qxe5 {[%clk 1:28:03]} 18. Nd4
{[%clk 0:56:11]} Be4 {[%clk 1:27:32]} 19. Qd2 {[%clk 0:51:18]} Nf5
{[%clk 1:26:26]} 20. Nxf5 {[%clk 0:50:11]} Rxf5 {[%clk 1:25:48]} 21. Rxf5
{[%clk 0:49:57]} Bxf5 {[%clk 1:20:34]} 22. Re1 {[%clk 0:48:24]} Be4
{[%clk 1:19:10]} 23. c4 {[%clk 0:44:31]} Rf8 {[%clk 1:17:34]} 24. cxd5
{[%clk 0:39:24]} exd5 {[%clk 1:17:56]} 25. Bc2 {[%clk 0:36:38]} Kh8
{[%clk 1:16:58]} 26. Bxe4 {[%clk 0:31:30]} dxe4 {[%clk 1:17:21]} 27. Qd6
{[%clk 0:30:18]} Qf5 {[%clk 1:17:40]} 28. h3 {[%clk 0:24:17]} Qf2+
{[%clk 1:17:41]} 29. Kh2 {[%clk 0:24:45]} Qf4+ {[%clk 1:14:47]} 30. Qxf4
{[%clk 0:21:13]} Rxf4 {[%clk 1:15:14]} 31. Re2 {[%clk 0:19:34]} Kg8
{[%clk 1:12:47]} 32. g3 {[%clk 0:19:15]} Rf3 {[%clk 1:12:59]} 33. Rxe4
{[%clk 0:17:26]} Kf7 {[%clk 1:11:49]} 34. Kg2 {[%clk 0:15:02]} Ra3
{[%clk 1:11:54]} 35. Rd4 {[%clk 0:14:08]} Ke7 {[%clk 1:11:34]} 36. Rd6
{[%clk 0:09:43]} b5 {[%clk 1:10:52]} 37. Rb6 {[%clk 0:09:25]} Rxa2+
{[%clk 1:10:12]} 38. Kf3 {[%clk 0:09:54]} Ra4 {[%clk 1:09:15]} 39. Ke4
{[%clk 0:09:33]} Rxb4+ {[%clk 1:09:40]} 40. Kd5 {[%clk 0:10:00]} Rb3
{[%clk 1:06:18]} 41. Rb7+ {[%clk 0:09:09]} Kf6 {[%clk 1:05:59]} 42. c6
{[%clk 0:05:40]} Rd3+ {[%clk 1:04:49]} 43. Kc5 {[%clk 0:05:26]} Rxg3
{[%clk 1:03:58]} 44. c7 {[%clk 0:05:11]} Rc3+ {[%clk 1:03:50]} 45. Kb6
{[%clk 0:04:01]} b4 {[%clk 1:02:05]} 46. Rb8 {[%clk 0:01:35]} b3 {[%clk 1:02:19]}
47. c8=Q {[%clk 0:00:38]} Rxc8 {[%clk 1:02:40]} 48. Rxc8 {[%clk 0:01:07]} b2
{[%clk 1:03:02]} 49. Rf8+ {[%clk 0:01:35]} Kg5 {[%clk 1:03:24]} 50. Rf1
{[%clk 0:02:01]} Kh4 {[%clk 1:03:35]} 51. Rh1 {[%clk 0:01:41]} g5
{[%clk 1:03:37]} 52. Kc5 {[%clk 0:01:14]} h5 {[%clk 1:03:56]} 53. Kd4
{[%clk 0:01:22]} a5 {[%clk 1:03:25]} 54. Ke3 a4 {[%clk 1:03:42]} 55. Kd3
{[%clk 0:00:41]} a3 {[%clk 1:03:39]} 56. Kc3 {[%clk 0:01:04]} Kg3
{[%clk 1:03:46]} 57. Kc2 {[%clk 0:01:04]} Kg2 {[%clk 1:03:59]} 58. Rd1
{[%clk 0:01:23]} Kxh3 {[%clk 1:04:25]} 59. Rd3+ {[%clk 0:01:35]} Kh4
{[%clk 1:04:43]} 60. Rxa3 {[%clk 0:01:36]} g4 {[%clk 1:05:05]} 61. Kxb2
{[%clk 0:01:58]} g3 {[%clk 1:05:30]} 62. Kc3 {[%clk 0:01:41]} g2 {[%clk 1:05:47]}
63. Ra1 {[%clk 0:02:09]} Kg3 {[%clk 1:06:08]} 64. Kd3 {[%clk 0:01:48]} Kf3
{[%clk 1:06:28]} 65. Ra8 {[%clk 0:00:55]} g1=Q {[%clk 1:06:10]} 66. Rf8+
{[%clk 0:01:14]} Kg2 {[%clk 1:06:33]} 67. Ke4 0-1

[Event "PervenstvoRT2015"]
[Site "?"]
[Date "2015.08.27"]
[Round "8.2"]
[White "Ruslan, Murtazin"]
[Black "Adel, Zhafyarov"]
[Result "1/2-1/2"]
[LiveChessVersion "1.4.6"]
[BlackElo "1840"]
[WhiteElo "1976"]

1. d4 {[%clk 1:30:52]} d5 {[%clk 1:30:56]} 2. c4 {[%clk 1:30:51]} e6
{[%clk 1:31:19]} 3. Nf3 {[%clk 1:31:13]} c6 {[%clk 1:31:35]} 4. Qc2
{[%clk 1:31:08]} Nf6 {[%clk 1:32:01]} 5. g3 {[%clk 1:31:29]} b6 {[%clk 1:32:27]}
6. Bg2 {[%clk 1:31:48]} Bb7 {[%clk 1:32:55]} 7. O-O {[%clk 1:31:44]} Nbd7
{[%clk 1:33:03]} 8. Nbd2 {[%clk 1:25:28]} Rc8 {[%clk 1:27:03]} 9. e4
{[%clk 1:14:07]} dxe4 {[%clk 1:25:41]} 10. Nxe4 {[%clk 1:14:27]} c5
{[%clk 1:24:29]} 11. Nxf6+ {[%clk 0:50:59]} Qxf6 {[%clk 1:11:10]} 12. Bg5
{[%clk 0:48:47]} Qg6 {[%clk 1:11:28]} 13. Qxg6 {[%clk 0:46:51]} hxg6
{[%clk 1:10:10]} 14. d5 {[%clk 0:47:15]} Be7 {[%clk 1:06:39]} 15. Bxe7
{[%clk 0:45:33]} Kxe7 {[%clk 1:06:55]} 16. dxe6 {[%clk 0:44:08]} fxe6
{[%clk 1:07:06]} 17. Rfe1 {[%clk 0:44:00]} Bxf3 {[%clk 1:07:28]} 18. Bxf3
{[%clk 0:44:24]} Kf6 {[%clk 1:05:58]} 19. Re4 {[%clk 0:25:09]} Rhe8
{[%clk 1:00:09]} 20. Rae1 {[%clk 0:24:42]} Kf7 {[%clk 0:58:21]} 21. R4e3
{[%clk 0:22:41]} Nf8 {[%clk 0:54:06]} 22. Rd1 {[%clk 0:20:16]} Red8
{[%clk 0:53:11]} 23. Red3 {[%clk 0:20:13]} Ke7 {[%clk 0:52:51]} 24. Be4
{[%clk 0:16:25]} g5 {[%clk 0:52:16]} 25. Kg2 {[%clk 0:14:04]} Rd7
{[%clk 0:51:45]} 26. Rxd7+ {[%clk 0:11:57]} Nxd7 {[%clk 0:52:03]} 27. Re1
{[%clk 0:12:24]} Kf7 {[%clk 0:51:33]} 28. Bc2 {[%clk 0:11:31]} Rc7
{[%clk 0:50:10]} 29. Ba4 {[%clk 0:06:01]} Nf8 {[%clk 0:47:23]} 30. Kf3
{[%clk 0:05:58]} Kf6 {[%clk 0:46:14]} 31. Bc2 {[%clk 0:03:33]} Rd7
{[%clk 0:46:30]} 32. Rd1 {[%clk 0:03:53]} Rxd1 {[%clk 0:45:47]} 33. Bxd1
{[%clk 0:04:22]} Ng6 {[%clk 0:46:07]} 34. b3 {[%clk 0:04:10]} Ne5+
{[%clk 0:45:53]} 35. Ke4 {[%clk 0:04:29]} Nc6 {[%clk 0:45:20]} 36. f4
{[%clk 0:04:17]} gxf4 {[%clk 0:44:50]} 37. gxf4 {[%clk 0:04:18]} Nd4
{[%clk 0:44:30]} 38. Bg4 {[%clk 0:04:12]} Nc6 {[%clk 0:35:35]} 39. f5
{[%clk 0:02:02]} exf5+ {[%clk 0:35:58]} 40. Bxf5 {[%clk 0:02:28]} Nb4
{[%clk 0:36:22]} 41. a4 {[%clk 0:01:40]} Nc2 {[%clk 0:35:46]} 42. Bg4
{[%clk 0:01:59]} Nd4 {[%clk 0:36:06]} 43. b4 {[%clk 0:02:00]} Ne6
{[%clk 0:30:26]} 44. b5 {[%clk 0:02:06]} Nd4 {[%clk 0:27:40]} 45. Kd5
{[%clk 0:02:04]} Ke7 {[%clk 0:27:35]} 46. Bd1 {[%clk 0:00:54]} Kd7
{[%clk 0:27:38]} 47. Bg4+ {[%clk 0:01:20]} Ke7 {[%clk 0:28:05]} 48. Bd1
{[%clk 0:00:39]} Kd7 {[%clk 0:28:28]} 49. Bh5 {[%clk 0:00:35]} Ke7
{[%clk 0:28:11]} 50. Bg4 {[%clk 0:00:58]} Nb3 {[%clk 0:28:13]} 51. Bd1
{[%clk 0:00:46]} Nd4 {[%clk 0:28:28]} 52. Bg4 {[%clk 0:00:59]} Nb3
{[%clk 0:28:51]} 53. Be2 {[%clk 0:01:18]} Nd4 {[%clk 0:27:35]} 54. Bd1
{[%clk 0:01:41]} Kd7 55. Ke4 1/2-1/2